Colombia - Statistics

General Stats
  • This quiz has been taken 145 times
  • The average score is 9 of 20
Answer Stats
Hint Answer % Correct
What is the capital of Colombia? Bogota
100%
On what continent is Colombia located? South America
95%
What rainforest is in Colombia? Amazon
90%
What narrow country "connects" Colombia to Central America? Panama
90%
What is the major mountain range that goes through Colombia? Andes
86%
In what city was Shakira born? Barranquilla
71%
How many departments is Colombia divided into? 32
62%
Who is the president of COlombia (as of February 2026)? Gustavo Petro
62%
What is the national dish of Colombia? bandeja paisa
48%
What is the unit of money used in Colombia? Colombian peso
48%
What major South American river serves as a partial border between Colombia and Venezuela Orinoco
33%
What is the name of the family in this novel? Buendia
29%
What is the most famous novel written by Colombian author Gabriel Garcia Marquez? One Hundred Years of Solitude
24%
What deadly disease, brought to Colombia by the Europeans, killed off many from the indigenous tribes? smallpox
24%
On what date did Colombia declare its independence from Spain? July 20 1810
14%
What is the nickname of Colombia's football (soccer) team? Los Cafeteros
10%
What is the oldest cinema event in Latin America? Cartagena Film Festival
0%
Who was the founder of Bogota? Gonzalo Jimenez de Quesado
0%
The external pacemaker was invented in Colombia. Who invented it? Jorge Reynolds Pombo
0%
What is the main college of Colombia? National University of Colombia
0%
No matching quizzes found
Score Distribution
Percent of People with Each Score
Percentile by Number Answered
Your Score History
You have not taken this quiz